000 00747nam a2200229 i 4500
001 105782
003 ES-MaACL
005 20230906183955.0
007 t|
008 060828s1972 sp ||||1| spa d
080 _a338.98(461.1)
245 0 0 _aProblemas y soluciones del desarrollo económico de Galicia /
_ceditor literario José B. Terceiro.
260 _aAlgorta :
_bZero,
_c[1972]
300 _a130 p. ;
_c20 cm.
490 1 _aPromoción del pueblo. Serie P ;
_v44
500 _aBiblioteca Juan Andrade.
650 4 _aDesarrollo económico-
_zGalicia.
_911800
700 1 _aTerceiro, José B.
_9109732
830 0 _aPromoción del pueblo. Serie P ;
_v44
_9187223
852 _aES-MaACL
_jAND-594
_bR.109892
999 _c105782
_d105782